Sabrina Carpenter - Setlist Short n' Sweet Tour - Statistiques

Statistiques générales
  • Ce quiz a été pris 331 fois
    316 depuis la dernière actualisation
  • Le résultat moyen est 14 sur 20
Statistiques - réponses
Hint Réponse % Correct
Short n' Sweet Tour 1 Taste
98%
Short n' Sweet Tour 2 21 Espresso
96%
Short n' Sweet Tour 2 18 Juno
94%
Short n' Sweet Tour 2 19 Please Please Please
89%
Short n' Sweet Tour 7 Bed Chem
86%
Short n' Sweet Tour 2 Good Graces
80%
Short n' Sweet Tour 8 Feather
77%
Short n' Sweet Tour 2 16 Nonsense
71%
Short n' Sweet Tour 2 14 Coincidence
70%
Short n' Sweet Tour 2 20 Don’t Smile
70%
Short n' Sweet Tour 2 13 because I liked a boy
69%
Short n' Sweet Tour 5 Lie to Girls
69%
Short n' Sweet Tour 3 Slim Pickins
69%
Short n' Sweet Tour 2 17 Dumb & Poetic
66%
Short n' Sweet Tour 4 Tornado Warnings
51%
Short n' Sweet Tour 9 Fast Times
50%
Short n' Sweet Tour 2 12 opposite
45%
Short n' Sweet Tour 6 decode
44%
Short n' Sweet Tour 10 Read Your Mind
44%
Short n' Sweet Tour 11 Sharpest Tools
31%
Aucun quiz correspondant
Distribution des résultats
% des personnes avec chaque résultat
Percentile par nombre de réponses
Votre historique - résultats
Vous n’avez pas pris ce quiz depuis la dernière actualisation